[Event "Open Ciudad de Sabadell 2009"]
[Site "Sabadell ESP"]
[Date "2009.09.08"]
[Round "7.5"]
[White "Mellado Trivino, Juan"]
[Black "Gomez Jurado, Luis Alberto"]
[Result "1-0"]
[WhiteElo "2422"]
[BlackElo "2287"]
[PlyCount "76"]
[EventDate "2009.09.01"]
[EventType "swiss"]
[EventRounds "9"]
[EventCountry "ESP"]
[Source "lmi"]
[SourceDate "2009.09.01"]

1. b3 e5 2. Bb2 Nc6 3. e3 d5 4. Bb5 Bd6 5. f4 Qe7 6. Nf3 f6 7. O-O Bg4 8. h3
Bh5 9. Nc3 Bf7 10. fxe5 fxe5 11. e4 dxe4 12. Nxe4 Nf6 13. Nxd6+ cxd6 14. d4 e4
15. d5 Nxd5 16. Nd4 O-O 17. Nf5 Qg5 18. h4 Qg6 19. Bxg7 Ne3 20. Nxe3 Qxg7 21.
Bxc6 bxc6 22. Qxd6 Rad8 23. Qf6 Rd2 24. Qxg7+ Kxg7 25. Rad1 Rfd8 26. Rxd2 Rxd2
27. Rf2 Rd7 28. Kh2 h5 29. Kg3 a5 30. Kf4 Bg6 31. Ke5 a4 32. Rf6 axb3 33. axb3
c5 34. Rc6 Rd2 35. Rxc5 Re2 36. Rc3 Re1 37. b4 Bf7 38. Nf5+ Kh8 1-0

[Event "Open Ciudad de Sabadell 2009"]
[Site "Sabadell ESP"]
[Date "2009.09.08"]
[Round "7.7"]
[White "Fier, Alexandr"]
[Black "Ryan, Joseph"]
[Result "1-0"]
[WhiteElo "2644"]
[BlackElo "2292"]
[PlyCount "81"]
[EventDate "2009.09.01"]
[EventType "swiss"]
[EventRounds "9"]
[EventCountry "ESP"]
[Source "lmi"]
[SourceDate "2009.09.01"]

1. e4 e6 2. d4 d5 3. Nd2 Nf6 4. e5 Nfd7 5. Bd3 c5 6. c3 Nc6 7. Ngf3 cxd4 8.
cxd4 a5 9. O-O Nb6 10. Re1 Bd7 11. Nf1 Be7 12. Ng3 h5 13. Be3 h4 14. Ne2 Nb4
15. Bb1 Nc4 16. Bc1 a4 17. Nf4 a3 18. b3 Nb2 19. Qe2 g5 20. Ng6 fxg6 21. Bxg6+
Kf8 22. Nxg5 Bxg5 23. Qf3+ Kg7 24. Qf7+ Kh6 25. f4 Be7 26. g4 hxg3 27. h4 Bxh4
28. Kg2 Rc8 29. Bd2 Be8 30. f5+ Qg5 31. Bxg5+ Kxg5 32. Qg7 Rc2+ 33. Kg1 Kg4 34.
fxe6 Rf2 35. Bd3+ Kh3 36. Bf1+ Rxf1+ 37. Rxf1 Bb5 38. Qxh8 N4d3 39. e7 g2 40.
Rf3+ Kg4 41. Qf8 1-0

[Event "Open Ciudad de Sabadell 2009"]
[Site "Sabadell ESP"]
[Date "2009.09.08"]
[Round "7.8"]
[White "Cruz, Jonathan"]
[Black "Cruz, Cristhian"]
[Result "0-1"]
[WhiteElo "2292"]
[BlackElo "2531"]
[PlyCount "106"]
[EventDate "2009.09.01"]
[EventType "swiss"]
[EventRounds "9"]
[EventCountry "ESP"]
[Source "lmi"]
[SourceDate "2009.09.01"]

1. d4 e6 2. c4 d5 3. Nc3 Nf6 4. Nf3 Bb4 5. Bg5 c5 6. cxd5 exd5 7. e3 Nbd7 8.
Bd3 Qa5 9. O-O c4 10. Bf5 O-O 11. Qc2 g6 12. Bxd7 Nxd7 13. Nd2 Nb6 14. f3 Re8
15. Rae1 Bd7 16. Bh4 Ba4 17. Qc1 Bc6 18. Ndb1 Bf8 19. e4 Bg7 20. Qd2 Na4 21. e5
b5 22. Bf6 Bf8 23. a3 b4 24. Nxa4 Qxa4 25. axb4 Qxb4 26. Nc3 Rab8 27. Re2 a5
28. f4 Be7 29. Bg5 Bxg5 30. fxg5 a4 31. h4 a3 32. bxa3 Qxa3 33. h5 Rb3 34. hxg6
hxg6 35. Rf3 Bd7 36. Ref2 Be6 37. Kh2 Kg7 38. Qe1 Rh8+ 39. Kg3 Rh5 40. Qd2 Qa5
41. Qc1 Bf5 42. Qe3 Qd8 43. Qf4 Qxg5+ 44. Qxg5 Rxg5+ 45. Kh2 Rg4 46. Nxd5 Rxf3
47. gxf3 Rxd4 48. Ne3 Bd3 49. Kg3 c3 50. Rh2 Rb4 51. Nd5 Rc4 52. Nf6 g5 53.
Ne8+ Kg6 0-1

[Event "Open Ciudad de Sabadell 2009"]
[Site "Sabadell ESP"]
[Date "2009.09.08"]
[Round "7.10"]
[White "Grau Brumos, Isidre"]
[Black "Cruz, Filemon"]
[Result "0-1"]
[WhiteElo "2113"]
[BlackElo "2404"]
[PlyCount "76"]
[EventDate "2009.09.01"]
[EventType "swiss"]
[EventRounds "9"]
[EventCountry "ESP"]
[Source "lmi"]
[SourceDate "2009.09.01"]

1. d4 Nf6 2. Nf3 c5 3. g3 d5 4. dxc5 Nc6 5. c3 a5 6. Nd4 Ne4 7. Be3 e5 8. Nb5
Be6 9. Bg2 Nf6 10. Bg5 Bxc5 11. Bxf6 gxf6 12. e3 Qb6 13. a4 Rd8 14. O-O h5 15.
Re1 h4 16. Nd2 f5 17. Nf3 hxg3 18. hxg3 f6 19. Qd2 Kf7 20. Rab1 Be7 21. Qe2
Rdg8 22. Rbd1 f4 23. exf4 Rxg3 24. Kf1 Rh1+ 25. Ng1 Bg4 26. Qd2 Rxg1+ 27. Kxg1
Bf3 28. Re3 Rxg2+ 29. Kf1 e4 30. Qxd5+ Kf8 31. Rxf3 exf3 32. Qxf3 Rh2 33. Rd7
Qc5 34. Rxb7 Qc4+ 35. Kg1 Rh7 36. Rc7 Rg7+ 37. Kh2 Qf1 38. Rc8+ Nd8 0-1

[Event "Open Ciudad de Sabadell 2009"]
[Site "Sabadell ESP"]
[Date "2009.09.09"]
[Round "8.1"]
[White "Solodovnichenko, Yuri"]
[Black "Rojas Keim, Luis"]
[Result "1/2-1/2"]
[WhiteElo "2601"]
[BlackElo "2443"]
[PlyCount "159"]
[EventDate "2009.09.01"]
[EventType "swiss"]
[EventRounds "9"]
[EventCountry "ESP"]
[Source "lmi"]
[SourceDate "2009.09.01"]

1. e4 e6 2. d4 d5 3. Nc3 Nf6 4. e5 Nfd7 5. f4 c5 6. Nf3 Nc6 7. Be3 cxd4 8. Nxd4
Bc5 9. Qd2 O-O 10. O-O-O a6 11. Nb3 b6 12. Qf2 Qe7 13. Kb1 Bb7 14. h4 Rac8 15.
h5 f6 16. Nxc5 bxc5 17. exf6 Rxf6 18. Bc1 Rf7 19. Re1 Nf6 20. Qg3 Nd4 21. Qh3
Ne4 22. Nxe4 dxe4 23. Rd1 Rb8 24. h6 g6 25. b3 Bd5 26. Qc3 Qa7 27. Be3 Rb4 28.
g4 a5 29. f5 e5 30. fxg6 hxg6 31. h7+ Rxh7 32. Rxh7 Kxh7 33. Bg5 a4 34. Bf6
axb3 35. cxb3 Kg8 36. Qh3 Qh7 37. Qxh7+ Kxh7 38. Bxe5 e3 39. Kb2 Bf3 40. Re1 e2
41. Bh3 Nc6 42. Bc3 Re4 43. Rg1 Nb4 44. g5 e1=Q 45. Bxe1 Nd3+ 46. Kc3 Nxe1 47.
a4 Re2 48. Kc4 Rc2+ 49. Kb5 Be2+ 50. Kb6 Nf3 51. Rg3 c4 52. bxc4 Rxc4 53. Bd7
Rb4+ 54. Kc5 Rb2 55. Bb5 Rc2+ 56. Kd5 Rd2+ 57. Ke4 Ne1 58. Ke3 Ra2 59. Bxe2
Nc2+ 60. Ke4 Rxa4+ 61. Ke5 Ra5+ 62. Ke4 Ra4+ 63. Kd5 Nd4 64. Bd1 Ra1 65. Rd3
Nf5 66. Ke5 Ra5+ 67. Kf4 Ra7 68. Bc2 Rc7 69. Bb3 Rb7 70. Be6 Ng7 71. Bd7 Nh5+
72. Ke5 Rb2 73. Bc6 Re2+ 74. Be4 Re1 75. Ra3 Rg1 76. Ra7+ Kh8 77. Ra8+ Kg7 78.
Ra7+ Kh8 79. Ra8+ Kg7 80. Ra7+ 1/2-1/2

[Event "Open Ciudad de Sabadell 2009"]
[Site "Sabadell ESP"]
[Date "2009.09.09"]
[Round "8.4"]
[White "Fier, Alexandr"]
[Black "Alonso Moyano, Jonathan"]
[Result "1-0"]
[WhiteElo "2644"]
[BlackElo "2389"]
[PlyCount "79"]
[EventDate "2009.09.01"]
[EventType "swiss"]
[EventRounds "9"]
[EventCountry "ESP"]
[Source "lmi"]
[SourceDate "2009.09.01"]

1. d4 f5 2. b3 Nf6 3. Bb2 g6 4. e3 Bg7 5. Be2 d6 6. h4 Ne4 7. h5 Nc6 8. Nd2
Nxd2 9. Qxd2 e5 10. d5 Ne7 11. f4 g5 12. Nf3 g4 13. h6 Bf6 14. Nxe5 dxe5 15.
fxe5 Bg5 16. Bc4 Nxd5 17. Bxd5 c6 18. Bc4 Qxd2+ 19. Kxd2 b5 20. Bd3 Be6 21. Rh5
Rg8 22. Rf1 O-O-O 23. Ke2 Rdf8 24. g3 Rg6 25. Bd4 a6 26. a4 Kb7 27. Bc5 Rf7 28.
c4 bxa4 29. bxa4 Bxh6 30. Rb1+ Ka8 31. Rb6 Rb7 32. Rxa6+ Kb8 33. Bd6+ Kc8 34.
Bxf5 Bxf5 35. Rxf5 Rb2+ 36. Kd3 Kb7 37. Ra5 Rb3+ 38. Kc2 Rxe3 39. Rf7+ Kb6 40.
Bc5+ 1-0

[Event "Open Ciudad de Sabadell 2009"]
[Site "Sabadell ESP"]
[Date "2009.09.09"]
[Round "8.5"]
[White "Cruz, Filemon"]
[Black "Peralta, Fernando"]
[Result "1/2-1/2"]
[WhiteElo "2404"]
[BlackElo "2565"]
[PlyCount "97"]
[EventDate "2009.09.01"]
[EventType "swiss"]
[EventRounds "9"]
[EventCountry "ESP"]
[Source "lmi"]
[SourceDate "2009.09.01"]

1. e4 d6 2. d4 Nf6 3. Nc3 g6 4. f4 Bg7 5. Nf3 O-O 6. Bd3 Na6 7. Be3 b6 8. a3 c5
9. Qe2 cxd4 10. Bxd4 Nc5 11. Rd1 Nxd3+ 12. Qxd3 Bb7 13. O-O Qc8 14. Rfe1 e6 15.
h3 Rd8 16. Qe3 Bc6 17. g4 Re8 18. Qf2 e5 19. fxe5 dxe5 20. Nxe5 Rxe5 21. Bxe5
Nxg4 22. hxg4 Bxe5 23. Qf3 Qf8 24. Nd5 Bxb2 25. Rf1 Qc5+ 26. Rf2 Rf8 27. c3
Bxa3 28. Kg2 Bxd5 29. Rxd5 Qe7 30. e5 Bc5 31. Rfd2 a5 32. Qf6 Qb7 33. e6 Be7
34. exf7+ Rxf7 35. Qe6 Kg7 36. Rf2 Rxf2+ 37. Kxf2 Bc5+ 38. Ke1 Qb8 39. g5 Qg3+
40. Kd1 Qf3+ 41. Kc2 Qf2+ 42. Kb3 a4+ 43. Kxa4 Bf8 44. Rd7+ Kh8 45. Kb3 Qf1 46.
Qe5+ Kg8 47. Qd5+ Kh8 48. Qd4+ Kg8 49. Qd5+ 1/2-1/2

[Event "Open Ciudad de Sabadell 2009"]
[Site "Sabadell ESP"]
[Date "2009.09.09"]
[Round "8.6"]
[White "Garcia Castro, Pablo"]
[Black "Almeida Quintana, Omar"]
[Result "1/2-1/2"]
[WhiteElo "2382"]
[BlackElo "2513"]
[PlyCount "85"]
[EventDate "2009.09.01"]
[EventType "swiss"]
[EventRounds "9"]
[EventCountry "ESP"]
[Source "lmi"]
[SourceDate "2009.09.01"]

1. e4 d5 2. exd5 Qxd5 3. Nf3 Nf6 4. Be2 Bf5 5. O-O c6 6. Nc3 Qd8 7. h3 h6 8.
Re1 e6 9. d3 Bd6 10. a4 O-O 11. Nd2 Nbd7 12. Nce4 Bc7 13. Bf1 Nd5 14. Nc4 Bh7
15. d4 b5 16. axb5 cxb5 17. Ncd6 a6 18. Nb7 Qe7 19. Nbc5 Nxc5 20. Nxc5 Nb4 21.
Ne4 Rfd8 22. c3 Nd5 23. Nc5 Qd6 24. g3 Qc6 25. Qb3 Rdb8 26. Bg2 Rd8 27. Bf1 Qb6
28. Bd2 Kh8 29. Ra2 Bd6 30. Nd3 Qc7 31. Ne5 f6 32. Nf3 Nb6 33. Raa1 Nc4 34. Bc1
e5 35. dxe5 fxe5 36. Nd2 Nxd2 37. Bxd2 e4 38. Be3 Be5 39. Qe6 Re8 40. Qb6 Qxb6
41. Bxb6 Re6 42. Be3 Rd8 43. h4 1/2-1/2

[Event "Open Ciudad de Sabadell 2009"]
[Site "Sabadell ESP"]
[Date "2009.09.09"]
[Round "8.7"]
[White "Vehi Bach, Victor Manuel"]
[Black "Gonzalez Garcia, Jose"]
[Result "1/2-1/2"]
[WhiteElo "2381"]
[BlackElo "2509"]
[PlyCount "30"]
[EventDate "2009.09.01"]
[EventType "swiss"]
[EventRounds "9"]
[EventCountry "ESP"]
[Source "lmi"]
[SourceDate "2009.09.01"]

1. e4 e5 2. Nf3 Nc6 3. Nc3 Nf6 4. Bb5 Bb4 5. O-O O-O 6. d3 d6 7. Ne2 Ne7 8. c3
Ba5 9. Ng3 c6 10. Ba4 Ng6 11. d4 Re8 12. dxe5 dxe5 13. Qxd8 Bxd8 14. h3 Bb6 15.
Bb3 h6 1/2-1/2

[Event "Open Ciudad de Sabadell 2009"]
[Site "Sabadell ESP"]
[Date "2009.09.09"]
[Round "8.9"]
[White "Llaneza Vega, Patricia"]
[Black "Vassallo Barroche, Mauricio"]
[Result "0-1"]
[WhiteElo "2277"]
[BlackElo "2411"]
[PlyCount "82"]
[EventDate "2009.09.01"]
[EventType "swiss"]
[EventRounds "9"]
[EventCountry "ESP"]
[Source "lmi"]
[SourceDate "2009.09.01"]

1. e4 g6 2. d4 Bg7 3. Nc3 d6 4. f4 a6 5. Nf3 b5 6. Bd3 Nd7 7. e5 Bb7 8. Be3 e6
9. O-O Ne7 10. Ng5 h6 11. Nge4 Nb6 12. Bf2 Qd7 13. Bh4 Nf5 14. Bf6 O-O 15. Bxg7
Kxg7 16. Nf6 Qd8 17. Bxf5 exf5 18. Qd3 Nd7 19. Nfd5 b4 20. Nxb4 a5 21. Nbd5 Ba6
22. Qg3 Bxf1 23. Rxf1 Ra6 24. Ne3 Kh7 25. Ncd5 c6 26. Nc3 dxe5 27. dxe5 Rb6 28.
Nc4 Rb4 29. b3 Nc5 30. Rd1 Qe7 31. a3 Rbb8 32. Nxa5 Rbd8 33. Nxc6 Rxd1+ 34.
Nxd1 Qd7 35. Qf3 Ne4 36. Nb4 Qd4+ 37. Ne3 Ra8 38. Nbd5 Rxa3 39. h4 Ra1+ 40. Kh2
h5 41. Ne7 Nd2 0-1

[Event "Open Ciudad de Sabadell 2009"]
[Site "Sabadell ESP"]
[Date "2009.09.09"]
[Round "8.10"]
[White "Burgos Figueroa, Carlos E"]
[Black "Lorenzo De La Riva, Lazaro"]
[Result "1/2-1/2"]
[WhiteElo "2306"]
[BlackElo "2304"]
[PlyCount "47"]
[EventDate "2009.09.01"]
[EventType "swiss"]
[EventRounds "9"]
[EventCountry "ESP"]
[Source "lmi"]
[SourceDate "2009.09.01"]

1. e4 c5 2. c4 Nc6 3. Nc3 Nf6 4. g3 g6 5. Bg2 Bg7 6. Nge2 O-O 7. d3 d6 8. O-O
Ne8 9. Be3 Nc7 10. Qd2 Re8 11. h3 Ne6 12. Kh2 Ned4 13. f4 e6 14. Rf2 f5 15.
Raf1 Rb8 16. b3 a6 17. Ng1 b5 18. exf5 gxf5 19. Nf3 Nxf3+ 20. Bxf3 Nd4 21. Bg2
Bb7 22. Ne2 Bxg2 23. Rxg2 Nxe2 24. Rxe2 1/2-1/2

[Event "Open Ciudad de Sabadell 2009"]
[Site "Sabadell ESP"]
[Date "2009.09.10"]
[Round "9.1"]
[White "Rojas Keim, Luis"]
[Black "Martinez, Duany Lelys Stanley"]
[Result "1/2-1/2"]
[WhiteElo "2443"]
[BlackElo "2511"]
[PlyCount "23"]
[EventDate "2009.09.01"]
[EventType "swiss"]
[EventRounds "9"]
[EventCountry "ESP"]
[Source "lmi"]
[SourceDate "2009.09.01"]

1. e4 e5 2. Nf3 Nc6 3. d4 exd4 4. Nxd4 Bc5 5. Nb3 Be7 6. Nc3 Nf6 7. Be2 O-O 8.
O-O Re8 9. f3 Bf8 10. Bg5 h6 11. Bh4 Be7 12. Bf2 1/2-1/2

[Event "Open Ciudad de Sabadell 2009"]
[Site "Sabadell ESP"]
[Date "2009.09.10"]
[Round "9.3"]
[White "Ipatov, Alexander"]
[Black "Cruz, Cristhian"]
[Result "1-0"]
[WhiteElo "2463"]
[BlackElo "2531"]
[PlyCount "119"]
[EventDate "2009.09.01"]
[EventType "swiss"]
[EventRounds "9"]
[EventCountry "ESP"]
[Source "lmi"]
[SourceDate "2009.09.01"]

1. d4 e6 2. c4 Nf6 3. Nc3 Bb4 4. e3 O-O 5. a3 Bxc3+ 6. bxc3 b6 7. Bd3 Bb7 8. f3
Ba6 9. e4 Ne8 10. Nh3 Nc6 11. O-O Na5 12. Qe2 c5 13. e5 f5 14. d5 Qc7 15. d6
Qc6 16. a4 Nb3 17. Ra2 Nxc1 18. Rxc1 g6 19. Qe3 Kg7 20. Be2 h6 21. f4 Kh7 22.
Qg3 Bb7 23. Bf3 Qc8 24. Qh4 Bxf3 25. gxf3 Qd8 26. Qxd8 Rxd8 27. a5 Ng7 28. axb6
axb6 29. Rb1 g5 30. fxg5 f4 31. gxh6 Nf5 32. Nf2 Nh4 33. Ng4 Nxf3+ 34. Kg2 Ng5
35. Ra7 f3+ 36. Kf2 Rf4 37. Nf6+ Kxh6 38. Rxd7 Ra8 39. Kg3 Rxc4 40. h4 Ne4+ 41.
Nxe4 Rxe4 42. Re7 Rg8+ 43. Kxf3 Rxe5 44. d7 Rf8+ 45. Kg4 Re4+ 46. Kg3 Re3+ 47.
Kg4 Re4+ 48. Kg3 Re3+ 49. Kg2 Re2+ 50. Kg1 Rd2 51. Rxb6 Kh5 52. Rbxe6 Rd8 53.
Kf1 Kxh4 54. Rg7 Kh5 55. Ree7 Rd6 56. Ke2 Kh6 57. Ke3 Re6+ 58. Kf4 Rf8+ 59.
Ref7 Rh8 60. Rh7+ 1-0

[Event "Open Ciudad de Sabadell 2009"]
[Site "Sabadell ESP"]
[Date "2009.09.10"]
[Round "9.4"]
[White "Vassallo Barroche, Mauricio"]
[Black "Bacallao Alonso, Yusnel"]
[Result "1/2-1/2"]
[WhiteElo "2411"]
[BlackElo "2507"]
[PlyCount "30"]
[EventDate "2009.09.01"]
[EventType "swiss"]
[EventRounds "9"]
[EventCountry "ESP"]
[Source "lmi"]
[SourceDate "2009.09.01"]

1. c4 c5 2. Nc3 Nc6 3. e3 Nf6 4. Nf3 g6 5. d4 cxd4 6. exd4 d5 7. cxd5 Nxd5 8.
Qb3 Nxc3 9. Bc4 Nd5 10. Bxd5 e6 11. Bxc6+ bxc6 12. O-O Qd5 13. Qc3 Bg7 14. Qa3
Bf8 15. Qc3 Bg7 1/2-1/2

[Event "Open Ciudad de Sabadell 2009"]
[Site "Sabadell ESP"]
[Date "2009.09.10"]
[Round "9.5"]
[White "Peralta, Fernando"]
[Black "Garcia Castro, Pablo"]
[Result "1/2-1/2"]
[WhiteElo "2565"]
[BlackElo "2382"]
[PlyCount "47"]
[EventDate "2009.09.01"]
[EventType "swiss"]
[EventRounds "9"]
[EventCountry "ESP"]
[Source "lmi"]
[SourceDate "2009.09.01"]

1. d4 Nf6 2. c4 c5 3. d5 e5 4. Nc3 d6 5. e4 Be7 6. Nf3 Nbd7 7. a3 a6 8. b4 b6
9. Be2 h5 10. O-O h4 11. Ne1 Nf8 12. Nd3 Ng6 13. Be3 Bd7 14. Rb1 Qc8 15. a4 Bd8
16. a5 cxb4 17. axb6 Bxb6 18. Bxb6 bxc3 19. f3 Bb5 20. Nc5 Rb8 21. Ba7 Ra8 22.
Bb6 Rb8 23. Ba7 Ra8 24. Bb6 1/2-1/2

[Event "Open Ciudad de Sabadell 2009"]
[Site "Sabadell ESP"]
[Date "2009.09.10"]
[Round "9.6"]
[White "Almeida Quintana, Omar"]
[Black "Vehi Bach, Victor Manuel"]
[Result "1/2-1/2"]
[WhiteElo "2513"]
[BlackElo "2381"]
[PlyCount "135"]
[EventDate "2009.09.01"]
[EventType "swiss"]
[EventRounds "9"]
[EventCountry "ESP"]
[Source "lmi"]
[SourceDate "2009.09.01"]

1. d4 Nf6 2. c4 e6 3. Nf3 d5 4. Nc3 Bb4 5. cxd5 exd5 6. Bg5 O-O 7. e3 Be6 8.
Bd3 c5 9. dxc5 Bxc3+ 10. bxc3 Nbd7 11. O-O Nxc5 12. Bc2 Nce4 13. Qd4 Qc7 14.
Rac1 Rfc8 15. Bb3 Nxc3 16. Kh1 Nfe4 17. Bf4 Qa5 18. Rc2 Qb5 19. Re1 a5 20. Ng5
a4 21. Nxe4 Nxe4 22. Rxc8+ Rxc8 23. Qxa4 Qxa4 24. Bxa4 Nxf2+ 25. Kg1 Nd3 26.
Rd1 Nxf4 27. exf4 g6 28. Bb3 Kf8 29. Kf2 Ke7 30. Ke3 Kd6 31. Kd4 Rc5 32. g3 Bd7
33. Re1 b6 34. Re5 Be6 35. Re1 f6 36. h4 Bd7 37. Rb1 Bf5 38. Re1 Bc2 39. Re8
Bxb3 40. axb3 Rc1 41. Rb8 Rd1+ 42. Kc3 Rg1 43. Rxb6+ Kc5 44. Rxf6 Rxg3+ 45. Kb2
Kd4 46. Rf7 Rg2+ 47. Kc1 h6 48. f5 gxf5 49. Rxf5 Rg4 50. Rh5 Rg6 51. b4 Kc4 52.
Kd2 Rd6 53. Rf5 Kxb4 54. Kd3 Kc5 55. Rf8 Ra6 56. Rc8+ Kd6 57. Rd8+ Ke5 58. Re8+
Re6 59. Rg8 Ra6 60. Re8+ Kf5 61. Kd4 Kg4 62. Rg8+ Kxh4 63. Kxd5 Ra4 64. Ke5 h5
65. Kf5 Kh3 66. Rb8 Ra3 67. Kf4 h4 68. Rb1 1/2-1/2

[Event "Open Ciudad de Sabadell 2009"]
[Site "Sabadell ESP"]
[Date "2009.09.10"]
[Round "9.8"]
[White "Lorenzo De La Riva, Lazaro"]
[Black "Mellado Trivino, Juan"]
[Result "1/2-1/2"]
[WhiteElo "2304"]
[BlackElo "2422"]
[PlyCount "42"]
[EventDate "2009.09.01"]
[EventType "swiss"]
[EventRounds "9"]
[EventCountry "ESP"]
[Source "lmi"]
[SourceDate "2009.09.01"]

1. d4 d5 2. Nf3 Nc6 3. Bf4 Bg4 4. Nbd2 e6 5. e3 Bd6 6. Bxd6 cxd6 7. Be2 Nf6 8.
O-O O-O 9. c4 dxc4 10. Nxc4 Bxf3 11. Bxf3 d5 12. Nd2 Qb6 13. Nb3 Rac8 14. Rc1
Rc7 15. Be2 Rfc8 16. Rc5 a6 17. Bd3 Nd7 18. Rc3 Na5 19. Rxc7 Rxc7 20. Nxa5 Qxa5
21. Qb1 h6 1/2-1/2

[Event "Open Ciudad de Sabadell 2009"]
[Site "Sabadell ESP"]
[Date "2009.09.10"]
[Round "9.10"]
[White "Cruz, Jonathan"]
[Black "Perez Mitjans, Orelvis"]
[Result "1/2-1/2"]
[WhiteElo "2292"]
[BlackElo "2397"]
[PlyCount "147"]
[EventDate "2009.09.01"]
[EventType "swiss"]
[EventRounds "9"]
[EventCountry "ESP"]
[Source "lmi"]
[SourceDate "2009.09.01"]

1. d4 Nf6 2. c4 g6 3. Nc3 Bg7 4. e4 d6 5. Be2 O-O 6. Bg5 Nbd7 7. Qd2 e5 8. d5
Nc5 9. f3 a5 10. g4 a4 11. h4 c6 12. h5 Qa5 13. Nh3 cxd5 14. cxd5 Bd7 15. Nf2
b5 16. Bh6 Bxh6 17. Qxh6 a3 18. b4 Qxb4 19. Rc1 Na4 20. Nd3 Qa5 21. Qd2 Rfc8
22. Nxa4 Rxc1+ 23. Nxc1 Qxd2+ 24. Kxd2 Rxa4 25. Nd3 Bxg4 26. hxg6 fxg6 27. Nf2
Bd7 28. Rb1 Ra5 29. Nd1 h5 30. Nc3 h4 31. Bxb5 Ra7 32. Bc6 Ra6 33. Rb8+ Kf7 34.
Rb7 Ke7 35. Ke3 Kd8 36. Rb8+ Ke7 37. Bxd7 Nxd7 38. Rh8 Rb6 39. Rh7+ Ke8 40.
Rxh4 Rb2 41. Rh8+ Nf8 42. Rh1 Rc2 43. Nb5 Ke7 44. Rd1 Rxa2 45. Rd3 Rb2 46. Nxa3
Nd7 47. Nc4 Rb4 48. Rc3 Rb5 49. Ra3 Nc5 50. Ra7+ Rb7 51. Ra8 Rb3+ 52. Kf2 Rb4
53. Na5 Ra4 54. Nc6+ Kf6 55. Rd8 Kg5 56. Rxd6 Rxe4 57. Ne7 Nd3+ 58. Kg3 Re1 59.
Rxg6+ Kh5 60. d6 Nf4 61. Rf6 Kg5 62. Rf5+ Kh6 63. d7 Rd1 64. Rf7 Rd2 65. Kg4
Nh5 66. Ng8+ Kg6 67. Rf5 Rd4+ 68. f4 Nxf4 69. Ne7+ Kg7 70. Nc6 Rxd7 71. Nxe5
Rd2 72. Rf7+ Kg8 73. Kf5 Nd3 74. Rd7 1/2-1/2